000 01013nam a2200205 i 4500
001 190500
003 ES-MaACL
005 20230906223747.0
008 210420s2002 it 000 0 spa d
100 1 _aBusquets, Loreto.
_932841
245 1 3 _aEl romanticismo clásico de Antonio Alcalá Galiano /
_cLoreto Busquets.
260 _aPisa ;
_aRoma :
_bIstituti Editoriali e Poligrafici Internazionali,
_c2002.
300 _aP. [117]-137 ;
_c24 cm.
504 _aReferencias bibliográficas.
594 _aEn p. [117]: "A lo largo de las conferencias sobre la literatura francesa del siglo XVIII que Alcalá Galiano pronunció en el Ateneo madrileño en... 1843, sucesivamente publicadas bajo el título de 'Historia de la literatura española, francesa, inglesa e italiana en el siglo XVIII'..."
595 _aExtraído del libro: Studi ispanici, 2002.
600 1 7 _aAlcalá Galiano, Antonio, 1789-1865-
_xCrítica e interpretación
_2
_9147648
852 4 _aES-MaACL
_j2342-F-9
999 _c190500
_d190500